A hallássérült felnőttek munkavállalási lehetőségei Magyarországon
| Szerző: | |
|---|---|
| További közreműködők: | |
| Dokumentumtípus: | Diplomadolgozat |
| Kulcsszavak: | emberi erőforrás - munkaerő esélyegyenlőség EU és Magyarország felnőtté válás fogyatékkal élők hallássérültek munkavállalási lehetőségek |
| Online Access: | http://dolgozattar.uni-bge.hu/59429 |
MARC
| LEADER | 00000nta a2200000 i 4500 | ||
|---|---|---|---|
| 001 | dolg59429 | ||
| 005 | 20260409145035.0 | ||
| 008 | 260409suuuu hu om 000 hun d | ||
| 040 | |a BGE Dolgozattár Repozitórium |b hun | ||
| 041 | |a hu | ||
| 100 | 1 | |a Kaszás Alexandra | |
| 245 | 1 | 2 | |a A hallássérült felnőttek munkavállalási lehetőségei Magyarországon |c Kaszás Alexandra |h [elektronikus dokumentum] |
| 520 | 3 | |a Szakdolgozatom során betekintést nyerhetünk a hallássérült felnőttek munkavállalási lehetőségeibe Magyarországon. A szakirodalmi áttekintés során bemutatom a fogyatékossággal élők különböző csoportjait, külön kiemelve a hallássérültek fogalmát, majd áttekintjük az elmúlt évek statisztikai adatait Európában és Magyarországon egyaránt. Megismerkedünk a szegreált és integrált oktatás közötti különbségekkel, majd a SINOSZ kutató munkájából megtudhatjuk, a magyar hallássérült lakosság legmagasabb iskolai végzettségét, bemutatom a siketek és nagyothallóak számára elérhető álláslehetőségeket, azokat a pozíciókat, amelyekben tilos elhelyezkedniük és megtudhatjuk, hogy milyen adókedvezményeket és támogatásokat vehetnek igénybe, ha már sikerült elhelyezkedniük. A szekunder kutatásom során megemlítem a Covid 19 hatását is. Primer kutatásom során értékeljük az online kérdőívem eredményeit különös tekintettel a hallássérültek demográfiai, oktatási, munkavállalási adataira és kitérünk a pszichológiai tényezőkre is. A kutatásom második felében három interjút olvashatunk. Az elsőt egy jeltolmáccsal, a másodikat egy hallássérült audiológus asszisztenssel, a harmadik egy fél oldali cochleáris implantátummal élő hallássérült biomérnőkkel és ezeken a strukturált interjúkon keresztül mélyebben belelátunk majd a hallássérültek mindennapi életébe. | |
| 695 | |a emberi erőforrás - munkaerő | ||
| 695 | |a esélyegyenlőség | ||
| 695 | |a EU és Magyarország | ||
| 695 | |a felnőtté válás | ||
| 695 | |a fogyatékkal élők | ||
| 695 | |a hallássérültek | ||
| 695 | |a munkavállalási lehetőségek | ||
| 700 | 1 | |a Fekete-Frojimovics Dr. Zsófia |e ths | |
| 856 | 4 | 0 | |u http://dolgozattar.uni-bge.hu/59429/1/Kasz%C3%A1s%20Alexandra-S472DH-szakdolgozat-A%20hall%C3%A1ss%C3%A9r%C3%BClt%20feln%C5%91ttek%20munkav%C3%A1llal%C3%A1si%20lehet%C5%91s%C3%A9gei%20Magyarorsz%C3%A1gon.pdf |z Dokumentum-elérés |
| 856 | 4 | 0 | |u http://dolgozattar.uni-bge.hu/59429/2/BA%20b%C3%ADr%C3%A1lati%20lap%202025_KaszA_PED.pdf |z Dokumentum-elérés |
| 856 | 4 | 0 | |u http://dolgozattar.uni-bge.hu/59429/3/Kasz%C3%A1s%20Alexandra_B%C3%ADr%C3%A1lati%20lap_BSc_BA_MSc_MA_2025_Dr_%20Jevcs%C3%A1k_Szintia.pdf |z Dokumentum-elérés |